<?xml version="1.0" encoding="UTF-8"?>
<collection xmlns="http://www.loc.gov/MARC21/slim">
  <record>
    <leader>00000nam  2200000   4500</leader>
    <controlfield tag="001">INLIS000000000005911</controlfield>
    <controlfield tag="005">20241106013012</controlfield>
    <datafield tag="035" ind1="#" ind2="#">
      <subfield code="a">0010-0522000109</subfield>
    </datafield>
    <datafield tag="245" ind1="1" ind2="#">
      <subfield code="a">Manajemen Keuangan :</subfield>
      <subfield code="b">Modul Manajemen Keuangan Program Kewirausahaan TPL Beasiswa /</subfield>
      <subfield code="c">KEMENTRIAN PERINDUSTRIAN</subfield>
    </datafield>
    <datafield tag="110" ind1=" " ind2="#">
      <subfield code="a">Kementrian Perindustrian</subfield>
    </datafield>
    <datafield tag="250" ind1="#" ind2="#">
      <subfield code="a">Cetakan 1</subfield>
    </datafield>
    <datafield tag="300" ind1="#" ind2="#">
      <subfield code="a">278 halaman :</subfield>
      <subfield code="b">gambar; tabel; diagram ;</subfield>
      <subfield code="c">15x20,5 cm</subfield>
    </datafield>
    <datafield tag="856" ind1="#" ind2="#">
      <subfield code="a">OPAC (Rak Tandon - Rak 11.2)</subfield>
    </datafield>
    <datafield tag="260" ind1="#" ind2="#">
      <subfield code="a">Jakarta :</subfield>
      <subfield code="b">Pusdiklat Industri Kementrian Perindustrian,</subfield>
      <subfield code="c">2013</subfield>
    </datafield>
    <datafield tag="082" ind1="#" ind2="#">
      <subfield code="a">658.15</subfield>
    </datafield>
    <datafield tag="084" ind1="#" ind2="#">
      <subfield code="a">658.15 KEM m</subfield>
    </datafield>
    <datafield tag="020" ind1="#" ind2="#">
      <subfield code="a">978-602-7887-18-3</subfield>
    </datafield>
    <datafield tag="650" ind1="#" ind2="4">
      <subfield code="a">Manajemen Keuangan</subfield>
    </datafield>
    <datafield tag="650" ind1="#" ind2="4">
      <subfield code="a">Hadiah 2016</subfield>
    </datafield>
    <datafield tag="500" ind1="#" ind2="#">
      <subfield code="a">Hadiah 2016</subfield>
    </datafield>
    <datafield tag="520" ind1="#" ind2="#">
      <subfield code="a">Buku seri modul kewiraushaan in diharapkan menjad pedoman dan pegangan bagi setiap dosen dan mahasiswa program beasiswa TPL-IKM dalam proses kegiatan belajar mengajar untuk materi kewirausahaan di sekolah Tinggi/Akademi di lingkup kementrian perindustrian</subfield>
    </datafield>
    <controlfield tag="008">241106################g##########0#ind##</controlfield>
    <datafield tag="990" ind1="#" ind2="#">
      <subfield code="a">1386/H-16</subfield>
    </datafield>
    <datafield tag="990" ind1="#" ind2="#">
      <subfield code="a">185/TP-22</subfield>
    </datafield>
    <datafield tag="990" ind1="#" ind2="#">
      <subfield code="a">1389/H-16</subfield>
    </datafield>
    <datafield tag="990" ind1="#" ind2="#">
      <subfield code="a">1388/H-16</subfield>
    </datafield>
    <datafield tag="990" ind1="#" ind2="#">
      <subfield code="a">1387/H-16</subfield>
    </datafield>
    <datafield tag="990" ind1="#" ind2="#">
      <subfield code="a">331/H-19</subfield>
    </datafield>
    <datafield tag="990" ind1="#" ind2="#">
      <subfield code="a">01/H-18</subfield>
    </datafield>
    <datafield tag="990" ind1="#" ind2="#">
      <subfield code="a">1391/H-16</subfield>
    </datafield>
    <datafield tag="990" ind1="#" ind2="#">
      <subfield code="a">1390/H-16</subfield>
    </datafield>
  </record>
</collection>
